Регионална библиотека "Любен Каравелов" - Русе

Александър Велики (Запис номер 23403)

MARC детайли
000 -Лидер
Контролно поле с фиксирана дължина 01720nam a2200361 c 4500
003 - Код на организацията, давaща контролен номер
Контролно поле BLK
005 - Дата и час на последна редакция
Контролно поле 20210308125506.0
008 - Елементи от данни с фиксирана дължина
fixed length control field 180413b bul|||||r ||||||| ||bul||
010 ## - Наследен системен номер
LC control number KNG00025881000
020 ## - Международен стандартен номер на книга ISBN
Международен стандартен номер на книга ISBN 954-8234-48-3
040 ## - Източник на каталожния запис
Идентификатор на билиотеката - собственик на записа BLK
041 ## - Код за език
Код за езика на текст/звукозапис или на отделно заглавие Български
Код за езика КДБФ Български
080 ## - УДК
Текстов определител УДК Италианска литература
УДК код - определител по УДК 821.131.1
УДК определител -93-34
УДК - код + определител 821.131.1-93-34
139 ## - Редно поле
Редна дума Стефани, Стефания
Авторски знак Сте - С 75
245 10 - Сведения за заглавието
Заглавие Александър Велики
Редно поле (дума) текст Стефания Стефани; прев. от итал. Александрина Дженева; ил. Пиеро Катанео; предг. от Мино Милани.
257 ## - Страна на издаване
Страна на създаване/издаване Италия
260 ## - Област на издателските данни
Място на издаване, разпространение и проч. София
Име на издателя, разпространителя и проч. Гема
Година на издаване 1998
Печатница София : Балкан прес ЕАД
300 ## - Физическа характеристика
Страници 80 с.
Илюстрации и др. с цв. ил.
Размери/Мащаб 28 см
380 ## - Жанр
Жанр Детска худож. лит.
490 ## - СЕРИИ (Колекции)
Име на серия Митове и легенди
9 (RLIN) 201350
490 ## - СЕРИИ (Колекции)
Име на серия Поредица за деца и юноши Митове и легенди
9 (RLIN) 207003
500 ## - Общи забележки
Забележка Без сведение за ориг. загл. - Съдържа и Карти на битките / Антонио Молино. - Авт. отбелязана в библиогр. каре. - Офс. изд. - 5 120 тир.
650 #4 - Допълнително описание по предмет – тема
Основно описание – тема или топоним Александър ІІІ Македонски (Велики)
9 (RLIN) 245303
700 1# - Други автори (авторска отговорност)
Лично име Стефани, Стефания
Автороска отговорност (Описва отношението между автора и произведението) текст
9 (RLIN) 365851
700 1# - Други автори (авторска отговорност)
Лично име Дженева, Александрина
Автороска отговорност (Описва отношението между автора и произведението) прев. от итал.
9 (RLIN) 267039
700 1# - Други автори (авторска отговорност)
Лично име Катанео, Пиеро
Автороска отговорност (Описва отношението между автора и произведението) ил.
9 (RLIN) 363851
700 1# - Други автори (авторска отговорност)
Лично име Милани, Мино
Автороска отговорност (Описва отношението между автора и произведението) предг. от
9 (RLIN) 95407
852 ## - Местоположение
Форматна сигнатура Цб ІІ 9975
856 4# - Електронен адрес и достъп
Електронен формат pdf - файл
Път до файла /url/
856 4# - Електронен адрес и достъп
Електронен формат pdf - файл
Път до файла /url/
999 ## - СИСТЕМНИ КОНТРОЛНИ НОМЕРА
Koha biblionumber 23403
Koha biblioitemnumber 23403
942 ## - АРТИКУЛИ
Вид на библиотечния материал Книги
Скрит в OPAC Не
Периодичен библиозапис Да
Koha issues (borrowed), all copies 1
944 ## - СЪЗДАВАНЕ И РЕДАКЦИЯ на ЗАПИСА
Създаване/Редакция Създаване
Дата на регистрацията/редакция 15.01.2003
Служител, извършил регистрацията/редакцията AB_DOS
944 ## - СЪЗДАВАНЕ И РЕДАКЦИЯ на ЗАПИСА
Създаване/Редакция Редакция
Дата на регистрацията/редакция 20.07.2017
Служител, извършил регистрацията/редакцията Пенка_Димитрова
999 ## - СИСТЕМНИ КОНТРОЛНИ НОМЕРА
Koha biblioitemnumber 23403
999 ## - СИСТЕМНИ КОНТРОЛНИ НОМЕРА
Koha biblioitemnumber 23403
Наличности
Код за отписване Код за изгубен артикул Източник на класификационната схема Код за повреда Коз за рестрикции Код за отдаване Артикулен № Име на библиотеката - собственик Име на библиотеката, в която се намира в момента Статус (Текущо местоположение) Дата на вписване в системата Местоположение - отдел Цена в лева Инвентарен номер Систематично азбучна сигнатура Баркод Номер на екземпляра Цена в евро Служебен тип на артикула Служебна бележка
  Не е изгубен Universal Decimal Classification Не е повреден без рестрикции ползва се в читалня 38673 Регионална библиотека "Любен Каравелов" Русе Регионална библиотека "Любен Каравелов" Русе Хранилище 2001-01-01 Хранилище 5.00 646758 Цб ІІ 9975 120000646758 1 2.56 Книги  
  Не е изгубен   Не е повреден без рестрикции заемане за дома 38674 Регионална библиотека "Любен Каравелов" Русе Регионална библиотека "Любен Каравелов" Русе Детски отдел 2017-07-20 Детски отдел 18.00 120000813712 ДХ 820/899/С 75 120000813712 2 9.20 Книги Дост: DA Вид: А N: 32 Дата: 20.07.2017
Vip Innovations Ltd, Rousse, Bulgaria 2025